00190nam a22000857a 4500082000800000100002000008245004600028260002200074300000800096 aRAS aRashid Khalifa  aQuran: Visual persentation of the miracle aKarachibTath pub a247